000 00586cam a2200181 4500500
005 20260329005500.0
041 _afre
042 _adc
100 1 0 _aManzini, Frédéric
_eauthor
245 0 0 _aŒuvres III. Ainsi parlait Zarathoustra et autres écrits
260 _c2023.
500 _a85
690 _aDorian Astor
690 _aFriedrich Nietzsche
690 _aZarathoustra
786 0 _nPhilosophie magazine | 174 | 11 | 2023-11-01 | p. 63-63 | 1951-1787
856 4 1 _uhttps://shs.cairn.info/magazine-philosophie-magazine-2023-11-page-63?lang=fr&redirect-ssocas=7080
999 _c1843807
_d1843807